000 00424nam a2200169Ia 4500
003 GCL
008 140319s9999 xx 000 0 eng d
040 _aGCL /
_cGCL
082 0 4 _a944
_bV M
100 1 _aMEUNIER, LUCIEN
245 1 0 _aMAXIMES ET REFLEXIONS /
_cMEUNIER, LUCIEN
260 _a[S.N] :
_bLIBRAIRIE SOMOGY ،
_c1945
300 _a258 P
650 0 4 _aHISTORY
650 0 4 _aHISTORY OF FRANCE
942 _2ddc
_cBK
999 _c11310
_d11310